000 00304nam a22001337a 4500
008 170127b xxu||||| |||| 00| 0 eng d
020 _a9780071472470
041 _aeng
080 _a61
100 _a3
101 _aSHM
245 _aCURRENT MEDICAL DIAGNOSIS & TREATMENT
_cMCPHEE, S.J
942 _2udc
_cBK
999 _c3925
_d3925